[Event "SVK Extraliga 2017-18"]
[Site "Slovakia"]
[Date "2017.12.10"]
[Round "6"]
[White "Dobrotka, Martin"]
[Black "Pcola, Jaroslav"]
[Result "1-0"]
[WhiteElo "2195"]
[BlackElo "2113"]
[Annotator "NA"]
[PlyCount "68"]
[EventDate "2017.??.??"]
[EventType "team-tourn"]
[EventCountry "SVK"]
[SourceTitle "playchess.com"]
[Source "ChessBase"]
[SourceQuality "1"]
[TimeControl "40/5400+30:1800+30"]

1. d4 {[%emt 0:00:00]} Nf6 {[%emt 0:00:24]} 2. Nf3 {[%emt 0:00:49]} c5 {[%emt 0:00:46]} 3. c3 {[%emt 0:01:17]} g6 {[%emt 0:04:43]} 4. g3 {[%emt 0:05:31]} cxd4 {[%emt 0:11:02]} 5. cxd4 {[%emt 0:01:59]} Bg7 {[%emt 0:00:08]} 6. Nc3 {[%emt 0:02:13]} O-O {[%emt 0:00:30]} 7. Bg2 {[%emt 0:00:30]} d6 {[%emt 0:00:30]} 8. O-O {[%emt 0:00:30]} Nc6 {[%emt 0:00:30]} 9. h3 {[%emt 0:00:30]} Qa5 {[%emt 0:00:30]} 10. e4 {[%emt 0:00:30]} Rb8 {[%emt 0:00:30]} 11. d5 {[%emt 0:00:30]} Nd8 {[%emt 0:00:30]} 12. a3 {[%emt 0:35:39]} b5 {[%emt 0:28:33]} 13. Bd2 {[%emt 0:00:30]} Nd7 {[%emt 0:09:31]} 14. b4 {[%emt 0:09:36]} Qa6 {[%emt 0:02:15]} 15. Qc1 {[%emt 0:03:12]} Re8 {[%emt 0:03:36]} 16. Bh6 {[%emt 0:01:13]} Bh8 {[%emt 0:00:30]} 17. Rd1 {[%emt 0:00:30]} Qb6 {[%emt 0:00:30]} 18. Be3 {[%emt 0:00:30]} Qb7 {[%emt 0:09:23]} 19. Nd4 {[%emt 0:12:15]} a6 {[%emt 0:01:21]} 20. Nb3 {[%emt 0:01:50]} Nb6 {[%emt 0:04:38]} 21. Na5 {[%emt 0:01:13]} Qd7 {[%emt 0:09:29]} 22. Ra2 {[%emt 0:01:13]} f6 {[%emt 0:02:16]} 23. Rc2 {[%emt 0:08:05]} Nf7 {[%emt 0:01:16]} 24. f4 {[%emt 0:01:12]} Rf8 {[%emt 0:01:19]} 25. Ne2 {[%emt 0:01:05]} Nc4 {[%emt 0:02:02]} 26. Nxc4 {[%emt 0:00:21]} bxc4 {[%emt 0:00:01]} 27. Rxc4 {[%emt 0:00:47]} a5 {[%emt 0:00:55]} 28. Nd4 {[%emt 0:02:42]} axb4 {[%emt 0:02:32]} 29. axb4 {[%emt 0:00:58]} Qa4 {[%emt 0:00:42]} 30. b5 {[%emt 0:00:34]} Qa8 {[%emt 0:02:09]} 31. Rd3 {[%emt 0:01:35]} Nd8 {[%emt 0:01:26]} 32. Ra3 {[%emt 0:00:51]} Qb7 {[%emt 0:00:37]} 33. Rc7 {[%emt 0:00:18]} Qb6 {[%emt 0:00:51]} 34. Rxc8 {[%emt 0:00:14]} Ra8 1-0

[Event "SVK Extraliga 2017-18"]
[Site "Slovakia"]
[Date "2017.12.10"]
[Round "6"]
[White "Lembak, Jurij"]
[Black "Jacko, Vladimir"]
[Result "0-1"]
[WhiteElo "2186"]
[BlackElo "2317"]
[Annotator "NA"]
[PlyCount "56"]
[EventDate "2017.??.??"]
[EventType "team-tourn"]
[EventCountry "SVK"]
[SourceTitle "playchess.com"]
[Source "ChessBase"]
[SourceQuality "1"]
[TimeControl "40/5400+30:1800+30"]

1. d4 {[%emt 0:00:00]} g6 {[%emt 0:01:03]} 2. Nf3 {[%emt 0:00:18]} Bg7 {[%emt 0:00:06]} 3. c3 {[%emt 0:01:23]} Nf6 {[%emt 0:01:32]} 4. Bg5 {[%emt 0:04:41]} d6 {[%emt 0:03:58]} 5. Nbd2 {[%emt 0:00:47]} O-O {[%emt 0:00:17]} 6. e3 {[%emt 0:01:11]} h6 {[%emt 0:01:31]} 7. Bh4 {[%emt 0:01:47]} Nc6 {[%emt 0:00:04]} 8. Bc4 {[%emt 0:05:53]} Qe8 {[%emt 0:01:45]} 9. O-O {[%emt 0:03:53]} e5 {[%emt 0:00:30]} 10. dxe5 {[%emt 0:03:52]} dxe5 {[%emt 0:00:44]} 11. Qc2 {[%emt 0:10:55]} Kh8 {[%emt 0:00:09]} 12. Rfe1 {[%emt 0:02:44]} Nh5 {[%emt 0:01:23]} 13. e4 {[%emt 0:09:23]} f5 {[%emt 0:11:54]} 14. exf5 {[%emt 0:10:44]} gxf5 {[%emt 0:09:07]} 15. Bg3 {[%emt 0:09:21]} Nxg3 {[%emt 0:05:31]} 16. hxg3 {[%emt 0:02:00]} e4 {[%emt 0:02:57]} 17. Nh2 {[%emt 0:02:26]} Ne5 {[%emt 0:01:11]} 18. Be2 {[%emt 0:05:48]} Qg6 {[%emt 0:08:03]} 19. Nhf1 {[%emt 0:02:51]} Be6 {[%emt 0:04:30]} 20. Rad1 {[%emt 0:04:24]} Rae8 {[%emt 0:00:48]} 21. Qa4 {[%emt 0:03:24]} a6 {[%emt 0:06:05]} 22. Qb4 {[%emt 0:03:16]} Bc8 {[%emt 0:00:46]} 23. Qc5 {[%emt 0:00:56]} Nc6 {[%emt 0:12:49]} 24. Nc4 {[%emt 0:03:45]} b6 {[%emt 0:01:36]} 25. Qa3 {[%emt 0:02:33]} f4 {[%emt 0:01:09]} 26. gxf4 {[%emt 0:00:36]} Rxf4 {[%emt 0:00:35]} 27. Ng3 {[%emt 0:00:38]} Rh4 28. Qb3 {[%emt 0:02:48]} e3 {[%emt 0:16:41]} 0-1

[Event "SVK Extraliga 2017-18"]
[Site "Slovakia"]
[Date "2017.12.10"]
[Round "6"]
[White "Hlinka, Michal"]
[Black "Zambor, Norbert"]
[Result "1/2-1/2"]
[WhiteElo "2178"]
[BlackElo "2284"]
[Annotator "NA"]
[PlyCount "63"]
[EventDate "2017.??.??"]
[EventType "team-tourn"]
[EventCountry "SVK"]
[SourceTitle "playchess.com"]
[Source "ChessBase"]
[SourceQuality "1"]
[TimeControl "40/5400+30:1800+30"]

1. d4 {[%emt 0:00:00]} Nf6 {[%emt 0:00:15]} 2. Nf3 {[%emt 0:00:00]} e6 {[%emt 0:00:38]} 3. g3 {[%emt 0:00:00]} c5 {[%emt 0:01:14]} 4. c3 {[%emt 0:01:16]} Nc6 {[%emt 0:01:54]} 5. Bg2 {[%emt 0:00:11]} d5 {[%emt 0:00:49]} 6. O-O {[%emt 0:00:12]} Bd6 {[%emt 0:01:43]} 7. dxc5 {[%emt 0:01:06]} Bxc5 {[%emt 0:00:51]} 8. b4 {[%emt 0:00:02]} Bd6 {[%emt 0:02:51]} 9. a3 {[%emt 0:01:59]} O-O {[%emt 0:01:31]} 10. Nd4 {[%emt 0:05:05]} Bd7 {[%emt 0:12:43]} 11. Bb2 {[%emt 0:05:02]} Rc8 {[%emt 0:06:02]} 12. Nd2 {[%emt 0:00:59]} Nxd4 {[%emt 0:21:34]} 13. cxd4 {[%emt 0:00:52]} a5 {[%emt 0:03:06]} 14. Qb3 {[%emt 0:06:46]} axb4 {[%emt 0:00:48]} 15. axb4 {[%emt 0:00:02]} Qb6 {[%emt 0:02:05]} 16. Bc3 {[%emt 0:02:59]} Bb5 {[%emt 0:01:14]} 17. Bf3 {[%emt 0:00:25]} Rc6 {[%emt 0:06:27]} 18. Rfc1 {[%emt 0:15:38]} Rfc8 {[%emt 0:01:00]} 19. e3 {[%emt 0:02:21]} h6 {[%emt 0:10:37]} 20. Bg2 {[%emt 0:08:50]} Be7 {[%emt 0:01:41]} 21. h3 {[%emt 0:01:16]} Qd8 {[%emt 0:07:01]} 22. Qb2 {[%emt 0:04:17]} Qc7 {[%emt 0:01:11]} 23. Ra3 {[%emt 0:00:29]} Bd3 {[%emt 0:02:46]} 24. Bf1 {[%emt 0:01:34]} Bxf1 {[%emt 0:00:46]} 25. Kxf1 {[%emt 0:00:02]} Ne8 {[%emt 0:00:56]} 26. Rb3 {[%emt 0:06:12]} b5 {[%emt 0:02:28]} 27. Nf3 {[%emt 0:04:15]} f6 {[%emt 0:02:28]} 28. Ne1 {[%emt 0:00:28]} Nd6 {[%emt 0:01:17]} 29. Nd3 {[%emt 0:00:47]} Nc4 {[%emt 0:01:35]} 30. Qe2 {[%emt 0:00:51]} Ra8 {[%emt 0:02:45]} 31. Nc5 {[%emt 0:00:39]} f5 {[%emt 0:01:04]} 32. Rbb1 {[%emt 0:01:48]} 1/2-1/2

[Event "SVK Extraliga 2017-18"]
[Site "Slovakia"]
[Date "2017.12.10"]
[Round "6"]
[White "Macko, Michal"]
[Black "Krak, Tomas"]
[Result "1-0"]
[WhiteElo "2176"]
[BlackElo "2312"]
[Annotator "NA"]
[PlyCount "80"]
[EventDate "2017.??.??"]
[EventType "team-tourn"]
[EventCountry "SVK"]
[SourceTitle "playchess.com"]
[Source "ChessBase"]
[SourceQuality "1"]
[TimeControl "40/5400+30:1800+30"]

1. e4 {[%emt 0:00:00]} c5 {[%emt 0:00:04]} 2. Nc3 {[%emt 0:00:00]} Nc6 {[%emt 0:00:06]} 3. Bb5 {[%emt 0:00:04]} e6 {[%emt 0:02:37]} 4. Bxc6 {[%emt 0:00:10]} bxc6 {[%emt 0:00:39]} 5. d3 {[%emt 0:02:48]} Ba6 {[%emt 0:04:43]} 6. b3 {[%emt 0:09:54]} d5 {[%emt 0:03:45]} 7. Nge2 {[%emt 0:03:52]} Nf6 {[%emt 0:03:48]} 8. f3 {[%emt 0:10:50]} c4 {[%emt 0:20:01]} 9. dxc4 {[%emt 0:00:42]} Qa5 {[%emt 0:22:33]} 10. Bd2 {[%emt 0:10:07]} dxc4 {[%emt 0:00:07]} 11. Nd5 {[%emt 0:08:22]} Qd8 {[%emt 0:00:18]} 12. Ne3 {[%emt 0:02:58]} Bc5 {[%emt 0:05:15]} 13. b4 {[%emt 0:14:05]} Bb6 {[%emt 0:03:28]} 14. Nc3 {[%emt 0:00:56]} Nh5 {[%emt 0:08:43]} 15. g3 {[%emt 0:05:59]} Qe7 {[%emt 0:02:25]} 16. Rb1 {[%emt 0:02:12]} Rd8 {[%emt 0:00:31]} 17. Qe2 {[%emt 0:00:35]} O-O {[%emt 0:02:00]} 18. Ng2 {[%emt 0:05:04]} Bd4 {[%emt 0:05:44]} 19. f4 {[%emt 0:03:44]} Nf6 {[%emt 0:00:27]} 20. Nh4 {[%emt 0:00:11]} c5 {[%emt 0:02:46]} 21. b5 {[%emt 0:06:53]} Bb7 {[%emt 0:00:22]} 22. Nf3 {[%emt 0:00:44]} Bxc3 {[%emt 0:01:35]} 23. Bxc3 {[%emt 0:00:08]} Nxe4 {[%emt 0:00:27]} 24. Ba5 {[%emt 0:00:12]} Rc8 {[%emt 0:07:18]} 25. O-O {[%emt 0:04:20]} Bd5 {[%emt 0:01:13]} 26. Qe3 {[%emt 0:00:52]} Qb7 {[%emt 0:00:40]} 27. a4 {[%emt 0:02:54]} Nd6 {[%emt 0:00:29]} 28. Ne5 {[%emt 0:00:46]} Nf5 {[%emt 0:00:23]} 29. Qf2 {[%emt 0:00:16]} Nd4 {[%emt 0:00:50]} 30. Bc3 {[%emt 0:00:35]} f6 {[%emt 0:00:32]} 31. Bxd4 {[%emt 0:00:43]} cxd4 {[%emt 0:00:17]} 32. Nc6 {[%emt 0:00:12]} e5 {[%emt 0:00:18]} 33. Qe2 {[%emt 0:00:53]} Rxc6 {[%emt 0:01:03]} 34. bxc6 {[%emt 0:00:17]} Qxc6 {[%emt 0:00:06]} 35. fxe5 {[%emt 0:00:21]} Re8 {[%emt 0:00:43]} 36. Qh5 {[%emt 0:01:09]} g6 {[%emt 0:00:23]} 37. Qh4 {[%emt 0:00:18]} fxe5 {[%emt 0:00:42]} 38. Rb5 {[%emt 0:03:28]} Bh1 {[%emt 0:01:17]} 39. Rf2 {[%emt 0:00:45]} e4 {[%emt 0:00:31]} 40. Rf6 {[%emt 0:00:14]} Qa8 {[%emt 0:30:24]} 1-0

[Event "SVK Extraliga 2017-18"]
[Site "Slovakia"]
[Date "2017.12.10"]
[Round "6"]
[White "Michalicka, Milan"]
[Black "Petenyi, Tamas"]
[Result "1-0"]
[WhiteElo "2165"]
[BlackElo "2454"]
[Annotator "TA"]
[PlyCount "119"]
[EventDate "2017.??.??"]
[EventType "team-tourn"]
[EventCountry "SVK"]
[SourceTitle "playchess.com"]
[Source "ChessBase"]
[SourceQuality "1"]

{[%evp 14,119,75,39,60,40,49,58,77,56,92,67,67,71,91,54,62,56,50,18,24,16,16,0,0,-53,-52,-52,-38,-43,-43,-38,-39,-39,-39,-39,-37,-39,-39,-39,-17,-22,-12,-40,-43,-32,-36,-95,-68,-47,0,-97,0,0,0,0,0,0,0,0,0,0,0,0,0,0,0,0,0,0,0,0,0,0,8,8,8,0,690,1063,747,1207,949,1193,851,1018,1086,1030,829,465,1176,558,1362,1495,184,4347,4777,4780,3829,2774,29974,29976,29976,29977,29977,29978,29979,29977]} 1. d4 Nf6 2. c4 g6 3. Nc3 Bg7 4. e4 d6 5. Be2 O-O 6. Nf3 a6 7. O-O c6 8. a4 {[%cal Ba2a4,Ba4a5][%mdl 32] LiveBook: 16 Games} Bg4 {E91: King's Indian: Classical: 6 Be2, unusual replies including 6...c5 and 6...Bg4} (8... a5 9. h3 Na6 10. Re1 Re8 11. Bf4 Nd7 12. Bf1 e5 13. Be3 exd4 14. Bxd4 Ne5 15. Nh2 Nb4 16. Qd2 Be6 17. b3 {½-½ (53) Postny,E (2625)-Ten Hertog,H (2458) Leiden 2016}) 9. Be3 Bxf3 10. Bxf3 Nbd7 {White is slightly better.} 11. Qb3 $146 ({Predecessor:} 11. Be2 e5 12. a5 Qe7 13. Qc2 Rfe8 14. d5 Rf8 15. dxc6 bxc6 {1-0 (47) Arribas Robaina,M (2352)-Frometa Castillo,Z (2216) Havana 2003}) 11... Rb8 12. a5 Qc7 13. Rfd1 e5 14. c5 dxc5 15. dxc5 Rfd8 16. Qc4 Nf8 {[%cal Bd7f8,Bf8e6,Be6d4,Bd4f3][%mdl 32]} 17. b4 Ne6 18. h3 Nd4 19. Ne2 ({Much weaker is} 19. Bxd4 exd4 20. Na4 Nd7 $17) (19. Be2 $11) 19... Nxf3+ $15 20. gxf3 Ne8 {[%cal Bf6e8,Be8c7,Bc7e6][%mdl 32]} 21. Qb3 Qe7 22. Rxd8 Rxd8 23. Rd1 Nc7 24. Rd3 Ne6 25. Qd1 Rxd3 26. Qxd3 Qh4 27. Kg2 Bh6 28. Bxh6 Qxh6 29. Qd7 Qg5+ 30. Kh2 (30. Kf1 $15) 30... Qh4 31. Kg2 $1 Qg5+ 32. Kh2 Nd8 ({Black should play} 32... Kg7 $17) 33. Qd6 $11 Kg7 34. f4 exf4 35. Nxf4 Qf6 36. Kg2 Qxd6 37. cxd6 {[%mdl 4096] Endgame KN-KN} Kf6 38. Nd3 $1 Ke6 39. e5 f6 40. f4 fxe5 41. fxe5 Kd5 42. Kf3 {Threatens to win with Kg4.} Kd4 43. Ke2 g5 44. Kd2 h5 45. Ke2 h4 $2 {[%mdl 8192] [#]} (45... g4 $11 46. h4 g3) 46. d7 $18 Kd5 47. Kf3 Ke6 48. Kg4 Kxd7 49. Kxg5 Ke6 50. Kxh4 Kf5 51. Kh5 Ne6 (51... c5 $142 52. Nxc5 (52. bxc5 Nc6 $18) 52... Nc6) 52. h4 {[%cal Bh3h4,Bh4h5,Bh5h6,Bh6h7][%mdl 32]} c5 53. Nxc5 Nf4+ 54. Kh6 Kxe5 55. Nxb7 Nd5 56. Kg7 Nxb4 57. h5 {White mates.} Nd5 58. h6 Nf6 59. Nc5 Kf5 60. h7 {Precision: White = 66%, Black = 56%.} 1-0

[Event "SVK Extraliga 2017-18"]
[Site "Slovakia"]
[Date "2017.12.10"]
[Round "6"]
[White "Szucs, Vladimir"]
[Black "Franzen, Jozef"]
[Result "1/2-1/2"]
[WhiteElo "2114"]
[BlackElo "2261"]
[Annotator "NA"]
[PlyCount "77"]
[EventDate "2017.??.??"]
[EventType "team-tourn"]
[EventCountry "SVK"]
[SourceTitle "playchess.com"]
[Source "ChessBase"]
[SourceQuality "1"]
[TimeControl "40/5400+30:1800+30"]

1. d4 {[%emt 0:00:00]} Nf6 {[%emt 0:00:01]} 2. c4 {[%emt 0:00:00]} g6 {[%emt 0:00:19]} 3. Nc3 {[%emt 0:00:00]} Bg7 {[%emt 0:00:02]} 4. e4 {[%emt 0:00:07]} d6 {[%emt 0:00:02]} 5. Nf3 {[%emt 0:00:11]} O-O {[%emt 0:00:10]} 6. Be2 {[%emt 0:00:17]} Nbd7 {[%emt 0:00:31]} 7. O-O {[%emt 0:00:37]} e5 {[%emt 0:00:11]} 8. dxe5 {[%emt 0:00:32]} dxe5 {[%emt 0:00:12]} 9. Qc2 {[%emt 0:00:09]} c6 {[%emt 0:00:24]} 10. Rd1 {[%emt 0:01:45]} Qe7 {[%emt 0:00:34]} 11. Be3 {[%emt 0:01:13]} Nh5 {[%emt 0:04:20]} 12. Rab1 {[%emt 0:06:41]} Nf4 {[%emt 0:06:26]} 13. Bf1 {[%emt 0:00:55]} Re8 {[%emt 0:03:04]} 14. b4 {[%emt 0:02:49]} Qf6 {[%emt 0:06:58]} 15. g3 {[%emt 0:03:56]} Ne6 {[%emt 0:00:24]} 16. Be2 {[%emt 0:00:28]} Bf8 {[%emt 0:05:33]} 17. a3 {[%emt 0:05:37]} h6 {[%emt 0:04:20]} 18. Kg2 {[%emt 0:05:11]} Kh7 {[%emt 0:00:21]} 19. h4 {[%emt 0:01:27]} h5 {[%emt 0:04:00]} 20. Rd2 {[%emt 0:04:06]} Be7 {[%emt 0:06:41]} 21. Rbd1 {[%emt 0:04:55]} Ndf8 {[%emt 0:01:20]} 22. Qb2 {[%emt 0:03:22]} Qg7 {[%emt 0:00:58]} 23. c5 {[%emt 0:07:39]} f6 {[%emt 0:02:52]} 24. Bc4 {[%emt 0:01:56]} Nc7 {[%emt 0:04:28]} 25. Ne2 {[%emt 0:09:00]} Bg4 {[%emt 0:01:04]} 26. Ne1 {[%emt 0:03:32]} Red8 {[%emt 0:01:17]} 27. Rxd8 {[%emt 0:01:37]} Rxd8 {[%emt 0:00:04]} 28. Rxd8 {[%emt 0:00:05]} Bxd8 {[%emt 0:00:04]} 29. Qd2 {[%emt 0:00:26]} Qd7 {[%emt 0:02:21]} 30. Qxd7+ {[%emt 0:00:10]} Nxd7 {[%emt 0:01:46]} 31. Nf3 {[%emt 0:03:21]} Kg7 {[%emt 0:02:54]} 32. Nd2 {[%emt 0:00:30]} Kf8 {[%emt 0:02:33]} 33. f3 {[%emt 0:00:41]} Be6 {[%emt 0:00:11]} 34. Kf2 {[%emt 0:02:32]} Ke7 {[%emt 0:00:17]} 35. Nc1 {[%emt 0:01:22]} Nb5 {[%emt 0:02:35]} 36. Bxe6 {[%emt 0:07:49]} Kxe6 {[%emt 0:00:04]} 37. Nc4 {[%emt 0:00:14]} Bc7 {[%emt 0:02:18]} 38. Nb3 {[%emt 0:00:42]} b6 {[%emt 0:05:24]} 39. Ke2 {[%emt 0:04:02]} 1/2-1/2

[Event "SVK Extraliga 2017-18"]
[Site "Slovakia"]
[Date "2017.12.10"]
[Round "6"]
[White "Hecko, Dusan"]
[Black "Magat, Jozef"]
[Result "0-1"]
[WhiteElo "2092"]
[BlackElo "2110"]
[Annotator "NA"]
[PlyCount "104"]
[EventDate "2017.??.??"]
[EventType "team-tourn"]
[EventCountry "SVK"]
[SourceTitle "playchess.com"]
[Source "ChessBase"]
[SourceQuality "1"]
[TimeControl "40/5400+30:1800+30"]

1. e4 {[%emt 0:00:23]} c6 {[%emt 0:00:14]} 2. d4 {[%emt 0:00:34]} d5 {[%emt 0:00:05]} 3. Nc3 {[%emt 0:01:39]} dxe4 {[%emt 0:02:21]} 4. Nxe4 {[%emt 0:00:04]} Nd7 {[%emt 0:01:59]} 5. Nf3 {[%emt 0:03:09]} Ngf6 {[%emt 0:01:48]} 6. Ng3 {[%emt 0:05:54]} Qc7 {[%emt 0:01:35]} 7. Bd3 {[%emt 0:01:16]} e6 {[%emt 0:00:43]} 8. O-O {[%emt 0:02:08]} Bd6 {[%emt 0:00:37]} 9. Re1 {[%emt 0:01:15]} O-O {[%emt 0:02:36]} 10. Qe2 {[%emt 0:02:31]} Re8 {[%emt 0:07:22]} 11. Ne5 {[%emt 0:04:44]} Nf8 {[%emt 0:04:24]} 12. Bd2 {[%emt 0:09:03]} b6 {[%emt 0:04:46]} 13. Rad1 {[%emt 0:04:29]} Bb7 {[%emt 0:02:50]} 14. c4 {[%emt 0:04:51]} c5 {[%emt 0:04:27]} 15. Bc3 {[%emt 0:06:03]} Rad8 {[%emt 0:02:02]} 16. dxc5 {[%emt 0:03:31]} bxc5 {[%emt 0:04:23]} 17. Rd2 {[%emt 0:04:51]} Ng6 {[%emt 0:07:36]} 18. Bxg6 {[%emt 0:07:08]} hxg6 {[%emt 0:00:31]} 19. Red1 {[%emt 0:00:57]} Be7 {[%emt 0:07:09]} 20. f3 {[%emt 0:03:54]} Rxd2 {[%emt 0:04:06]} 21. Rxd2 {[%emt 0:00:12]} Rd8 {[%emt 0:01:10]} 22. Rxd8+ {[%emt 0:04:23]} Qxd8 {[%emt 0:00:31]} 23. Nd3 {[%emt 0:06:54]} Qc7 {[%emt 0:11:42]} 24. Qe3 {[%emt 0:03:35]} Bd6 {[%emt 0:03:08]} 25. Kf2 {[%emt 0:06:59]} Ba8 {[%emt 0:02:01]} 26. b3 {[%emt 0:01:57]} Kf8 {[%emt 0:02:10]} 27. Be5 {[%emt 0:02:25]} Nd7 {[%emt 0:04:53]} 28. Bxd6+ {[%emt 0:01:35]} Qxd6 {[%emt 0:00:15]} 29. h3 {[%emt 0:01:37]} Ke7 {[%emt 0:02:39]} 30. Ne2 {[%emt 0:01:40]} Bb7 {[%emt 0:01:36]} 31. a3 {[%emt 0:01:05]} a5 {[%emt 0:01:28]} 32. Nc3 {[%emt 0:01:11]} Bc6 {[%emt 0:01:17]} 33. Nb5 {[%emt 0:01:05]} Bxb5 {[%emt 0:02:49]} 34. cxb5 {[%emt 0:00:02]} Qd4 {[%emt 0:01:45]} 35. Qxd4 {[%emt 0:01:18]} cxd4 {[%emt 0:00:05]} 36. b4 {[%emt 0:00:28]} a4 {[%emt 0:03:14]} 37. Ke2 {[%emt 0:00:59]} Kd6 {[%emt 0:00:30]} 38. f4 {[%emt 0:01:09]} f6 {[%emt 0:01:18]} 39. Nb2 {[%emt 0:00:22]} Nb6 {[%emt 0:00:14]} 40. Nd3 {[%emt 0:01:04]} e5 {[%emt 0:32:45]} 41. fxe5+ {[%emt 0:30:53]} fxe5 {[%emt 0:00:16]} 42. Nc5 {[%emt 0:00:40]} Kd5 {[%emt 0:00:52]} 43. Kd3 {[%emt 0:00:23]} Nc4 {[%emt 0:00:00]} 44. Nxa4 {[%emt 0:00:00]} e4+ {[%emt 0:00:00]} 45. Ke2 {[%emt 0:00:00]} d3+ {[%emt 0:00:00]} 46. Ke1 {[%emt 0:00:00]} Nxa3 {[%emt 0:00:00]} 47. b6 {[%emt 0:00:00]} Nc2+ {[%emt 0:00:00]} 48. Kd2 {[%emt 0:00:00]} Kd4 {[%emt 0:00:41]} 49. b7 {[%emt 0:00:00]} e3+ {[%emt 0:00:27]} 50. Kc1 {[%emt 0:00:00]} e2 {[%emt 0:00:16]} 51. b8=Q {[%emt 0:00:00]} e1=Q+ 52. Kb2 Qa1+ {[%emt 0:01:10]} 0-1

[Event "SVK Extraliga 2017-18"]
[Site "Slovakia"]
[Date "2017.12.10"]
[Round "6"]
[White "Trebula, Jozef"]
[Black "Takacs, Laszlo"]
[Result "1/2-1/2"]
[WhiteElo "2069"]
[BlackElo "2241"]
[Annotator "NA"]
[PlyCount "47"]
[EventDate "2017.??.??"]
[EventType "team-tourn"]
[EventCountry "SVK"]
[SourceTitle "playchess.com"]
[Source "ChessBase"]
[SourceQuality "1"]
[TimeControl "40/5400+30:1800+30"]

1. e4 {[%emt 0:00:00]} c5 {[%emt 0:00:08]} 2. Nf3 {[%emt 0:00:00]} e6 {[%emt 0:00:05]} 3. d4 {[%emt 0:00:00]} cxd4 {[%emt 0:00:06]} 4. Nxd4 {[%emt 0:00:04]} a6 {[%emt 0:00:15]} 5. Be2 {[%emt 0:02:14]} Nf6 {[%emt 0:01:07]} 6. Nc3 {[%emt 0:00:25]} Bb4 {[%emt 0:06:06]} 7. Qd3 {[%emt 0:06:24]} d5 {[%emt 0:07:02]} 8. exd5 {[%emt 0:03:20]} Nxd5 {[%emt 0:00:21]} 9. Bd2 {[%emt 0:08:30]} O-O {[%emt 0:06:13]} 10. O-O {[%emt 0:04:00]} Nf6 {[%emt 0:12:28]} 11. Rad1 {[%emt 0:08:22]} e5 {[%emt 0:02:12]} 12. Nb3 {[%emt 0:04:07]} Qxd3 {[%emt 0:00:10]} 13. Bxd3 {[%emt 0:01:14]} Nc6 {[%emt 0:00:32]} 14. Ne4 {[%emt 0:11:56]} Nd5 {[%emt 0:09:09]} 15. a3 {[%emt 0:08:32]} Bxd2 {[%emt 0:06:24]} 16. Rxd2 {[%emt 0:02:02]} Nf4 {[%emt 0:00:25]} 17. Re1 {[%emt 0:08:56]} Nxd3 {[%emt 0:01:13]} 18. Rxd3 {[%emt 0:00:36]} Bf5 {[%emt 0:03:09]} 19. Rd2 {[%emt 0:07:59]} Bxe4 {[%emt 0:04:45]} 20. Rxe4 {[%emt 0:00:12]} Rfd8 {[%emt 0:00:21]} 21. Kf1 {[%emt 0:03:18]} Kf8 {[%emt 0:08:21]} 22. Ke1 {[%emt 0:01:22]} Ke7 {[%emt 0:04:58]} 23. Rxd8 {[%emt 0:03:11]} Rxd8 {[%emt 0:02:53]} 24. Nc5 {[%emt 0:01:59]} 1/2-1/2